000 00602nam a2200229Ia 4500
003 OSt
005 20220924151314.0
006 a|||||r|||| 00| 0
007 ta
008 220923b |||||||| |||| 00| 0 ara d
024 _a337073
037 _cTextual
040 _aARTS
_cARTS
_bara
041 _2ara
_aara
082 _aO28,1D992,1, J8
100 _aMakki Mehmood Ali Au.
_9223989
245 0 _aDeewan-e-Ibne Shaheedul undlesi
260 _c1958
650 _aARABIC POETRY
942 _hO28,1D992,1, J8
_cTEXL
_2CC
999 _c466137
_d466137